[Event "London Chess Classic Challenge"]
[Site "Olympia, London"]
[Date "2014.12.10"]
[Round "1"]
[White "Jones, Gawain"]
[Black "Edouard, Romain"]
[Result "1-0"]
[BlackElo "2659"]
[EventDate "2014.12.10"]
[LiveChessVersion "1.4.2"]
[WhiteElo "2661"]

1.c4 { [%clk 1:40:32] } 1...e5 { [%clk 1:40:48] } 2.Nc3 { [%clk 1:40:52] }
2...Nf6 { [%clk 1:41:08] } 3.g3 { [%clk 1:41:14] } 3...d5 { [%clk 1:40:28] }
4.cxd5 { [%clk 1:41:33] } 4...Nxd5 { [%clk 1:40:54] } 5.Bg2
{ [%clk 1:41:53] } 5...Nb6 { [%clk 1:41:17] } 6.e3 { [%clk 1:41:07] } 6...Nc6
{ [%clk 1:40:59] } 7.Nge2 { [%clk 1:40:53] } 7...Be7 { [%clk 1:41:15] } 8.O-O
{ [%clk 1:40:55] } 8...O-O { [%clk 1:41:38] } 9.f4 { [%clk 1:40:35] } 9...f6
{ [%clk 1:41:44] } 10.f5 { [%clk 1:40:33] } 10...a5 { [%clk 1:40:15] } 11.b3
{ [%clk 1:36:19] } 11...Bd7 { [%clk 1:32:14] } 12.d4 { [%clk 1:27:35] }
12...Qc8 { [%clk 1:30:54] } 13.g4 { [%clk 1:13:07] } 13...Rd8
{ [%clk 1:30:00] } 14.Qe1 { [%clk 1:05:41] } 14...Be8 { [%clk 1:10:35] }
15.Ne4 { [%clk 0:57:24] } 15...Nd5 { [%clk 0:43:45] } 16.Qg3
{ [%clk 0:54:47] } 16...exd4 { [%clk 0:34:16] } 17.exd4 { [%clk 0:50:53] }
17...Qd7 { [%clk 0:34:13] } 18.Bb2 { [%clk 0:44:12] } 18...Kh8
{ [%clk 0:28:46] } 19.a3 { [%clk 0:36:46] } 19...Bf7 { [%clk 0:27:49] }
20.Rad1 { [%clk 0:34:53] } 20...Bd6 { [%clk 0:22:43] } 21.Qh4
{ [%clk 0:27:08] } 21...Qe7 { [%clk 0:22:22] } 22.Rd3 { [%clk 0:25:12] }
22...Bxa3 { [%clk 0:18:22] } 23.Bxa3 { [%clk 0:21:42] } 23...Qxa3
{ [%clk 0:18:49] } 24.g5 { [%clk 0:21:39] } 24...Qe7 { [%clk 0:16:13] }
25.Nf4 { [%clk 0:10:28] } 25...Nxf4 { [%clk 0:06:41] } 26.Rxf4
{ [%clk 0:10:55] } 26...Nxd4 { [%clk 0:00:33] } 27.gxf6 { [%clk 0:09:31] }
27...gxf6 { [%clk 0:01:02] } 28.Nxf6 { [%clk 0:08:25] } 28...Ne2+
{ [%clk 0:00:36] } 29.Kf1 { [%clk 0:07:47] } 29...Bc4 { [%clk 0:00:33] }
30.Rxd8+ { [%clk 0:04:52] } 30...Rxd8 { [%clk 0:01:02] } 31.Rxc4
{ [%clk 0:04:54] } 31...Rd1+ { [%clk 0:00:42] } 32.Kf2 { [%clk 0:05:21] }
32...Rd2 { [%clk 0:00:37] } 33.Qxh7+ { [%clk 0:02:16] } 33...Qxh7
{ [%clk 0:01:06] } 34.Nxh7 { [%clk 0:02:39] } 34...Nf4+ { [%clk 0:00:32] }
35.Ke3 { [%clk 0:01:58] } 35...Rxg2 { [%clk 0:00:59] } 36.Nf6
{ [%clk 0:01:11] } 36...Kg7 { [%clk 0:00:58] } 37.Ne8+ { [%clk 0:01:36] }
37...Kf7 { [%clk 0:01:04] } 38.Nxc7 { [%clk 0:01:30] } 38...Nh5
{ [%clk 0:00:55] } 39.Nd5 { [%clk 0:01:44] } 39...b5 { [%clk 0:00:47] }
40.Rc7+ { [%clk 0:01:32] } 40...Kf8 { [%clk 0:01:15] } 41.Rc5
{ [%clk 0:40:47] } 41...b4 { [%clk 0:28:22] } 42.Rxa5 { [%clk 0:36:20] }
42...Rxh2 { [%clk 0:27:33] } 43.Ra8+ { [%clk 0:19:25] } 43...Kg7
{ [%clk 0:25:13] } 44.Ra7+ { [%clk 0:13:36] } 44...Kh6 { [%clk 0:24:31] }
45.Kd4 { [%clk 0:13:23] } 45...Kg5 { [%clk 0:21:13] } 46.Rf7
{ [%clk 0:13:36] } 46...Rc2 { [%clk 0:09:38] } 47.Rf8 { [%clk 0:11:53] }
47...Rc1 { [%clk 0:07:09] } 48.f6 { [%clk 0:10:13] } 48...Rf1
{ [%clk 0:06:06] } 49.Kc5 { [%clk 0:07:26] } 49...Rf5 { [%clk 0:02:46] }
50.Kc4 { [%clk 0:07:21] } 50...Nf4 { [%clk 0:02:10] } 51.Rg8+
{ [%clk 0:06:29] } 51...Kh6 { [%clk 0:01:29] } 52.Nxf4 { [%clk 0:06:49] }
52...Rxf4+ { [%clk 0:01:51] } 53.Kc5 { [%clk 0:07:16] } 53...Kh7
{ [%clk 0:01:45] } 54.Rg7+ { [%clk 0:06:58] } 54...Kh6 { [%clk 0:01:44] }
55.Rb7 { [%clk 0:05:49] } 55...Kg6 { [%clk 0:02:04] } 56.f7
{ [%clk 0:04:19] } 56...Kg5 { [%clk 0:01:41] } 57.Rxb4 { [%clk 0:03:11] }
57...Rxf7 { [%clk 0:02:09] } 58.Re4 { [%clk 0:03:27] } 58...Kf5
{ [%clk 0:02:29] } 59.Re8 { [%clk 0:03:27] } 1-0

[Event "London Chess Classic Challenge"]
[Site "Olympia, London"]
[Date "2014.12.11"]
[Round "2"]
[White "Edouard, Romain"]
[Black "Jones, Gawain"]
[Result "1/2-1/2"]
[BlackElo "2661"]
[EventDate "2014.12.10"]
[LiveChessVersion "1.4.4"]
[WhiteElo "2659"]

1.e4 { [%clk 1:40:57] } 1...c5 { [%clk 1:40:25] } 2.Nf3 { [%clk 1:41:23] }
2...d6 { [%clk 1:40:48] } 3.d4 { [%clk 1:41:43] } 3...cxd4 { [%clk 1:41:12] }
4.Nxd4 { [%clk 1:42:10] } 4...Nf6 { [%clk 1:41:35] } 5.Nc3 { [%clk 1:42:37] }
5...g6 { [%clk 1:41:56] } 6.Be3 { [%clk 1:42:52] } 6...Bg7 { [%clk 1:42:20] }
7.f3 { [%clk 1:43:07] } 7...Nc6 { [%clk 1:42:42] } 8.Qd2 { [%clk 1:43:13] }
8...O-O { [%clk 1:42:03] } 9.O-O-O { [%clk 1:43:23] } 9...d5
{ [%clk 1:42:15] } 10.Qe1 { [%clk 1:42:52] } 10...e5 { [%clk 1:41:11] }
11.Nxc6 { [%clk 1:43:13] } 11...bxc6 { [%clk 1:41:37] } 12.exd5
{ [%clk 1:43:38] } 12...Nxd5 { [%clk 1:41:57] } 13.Bc4 { [%clk 1:43:44] }
13...Be6 { [%clk 1:41:47] } 14.Kb1 { [%clk 1:43:56] } 14...Rb8
{ [%clk 1:35:16] } 15.Ne4 { [%clk 1:42:40] } 15...f5 { [%clk 1:30:09] }
16.Ng5 { [%clk 1:38:53] } 16...Bc8 { [%clk 1:20:36] } 17.h4
{ [%clk 1:33:21] } 17...h6 { [%clk 1:14:46] } 18.Ne4 { [%clk 1:32:23] }
18...Be6 { [%clk 1:11:16] } 19.Nc5 { [%clk 1:18:45] } 19...Bf7
{ [%clk 1:10:30] } 20.Na6 { [%clk 1:07:57] } 20...Rb7 { [%clk 1:08:25] }
21.Bb3 { [%clk 1:02:32] } 21...Qf6 { [%clk 1:02:29] } 22.Nc5
{ [%clk 0:55:03] } 22...Re7 { [%clk 1:02:05] } 23.c3 { [%clk 0:51:25] }
23...Rfe8 { [%clk 0:52:06] } 24.Qd2 { [%clk 0:40:12] } 24...Nxe3
{ [%clk 0:46:28] } 25.Qxe3 { [%clk 0:40:35] } 25...Bxb3 { [%clk 0:46:17] }
26.axb3 { [%clk 0:40:39] } 26...Rf7 { [%clk 0:43:50] } 27.Rd2
{ [%clk 0:27:29] } 27...Rd8 { [%clk 0:42:34] } 28.Rxd8+ { [%clk 0:21:30] }
28...Qxd8 { [%clk 0:43:01] } 29.h5 { [%clk 0:21:01] } 29...gxh5
{ [%clk 0:40:54] } 30.Rxh5 { [%clk 0:17:58] } 30...Qd6 { [%clk 0:38:40] }
31.Rh1 { [%clk 0:16:03] } 31...Qg6 { [%clk 0:36:08] } 32.Qe2
{ [%clk 0:14:44] } 32...Re7 { [%clk 0:29:54] } 33.Re1 { [%clk 0:10:59] }
33...Qd6 { [%clk 0:27:21] } 34.b4 { [%clk 0:09:52] } 34...Qg6
{ [%clk 0:27:11] } 35.Ka1 { [%clk 0:06:06] } 35...Kh7 { [%clk 0:25:26] }
36.g4 { [%clk 0:03:25] } 36...fxg4 { [%clk 0:20:58] } 37.fxg4
{ [%clk 0:03:52] } 37...Rf7 { [%clk 0:21:21] } 38.Nd3 { [%clk 0:01:11] }
38...Rd7 { [%clk 0:18:17] } 39.Nc5 { [%clk 0:01:35] } 39...Rf7
{ [%clk 0:18:37] } 40.Rh1 { [%clk 0:00:38] } 40...Kg8 { [%clk 0:14:28] }
41.Qc4 { [%clk 0:34:54] } 41...Kh7 { [%clk 1:01:49] } 42.g5
{ [%clk 0:29:11] } 42...Rf4 { [%clk 0:53:38] } 43.Qe2 { [%clk 0:29:27] }
43...e4 { [%clk 0:50:20] } 44.gxh6 { [%clk 0:25:55] } 44...Bf8
{ [%clk 0:47:48] } 45.Qe3 { [%clk 0:06:53] } 45...Qg5 { [%clk 0:44:37] }
46.Qd4 { [%clk 0:06:57] } 46...Bxc5 { [%clk 0:36:35] } 47.bxc5
{ [%clk 0:07:23] } 47...e3 { [%clk 0:36:59] } 48.Qd7+ { [%clk 0:06:53] }
48...Kh8 { [%clk 0:37:23] } 49.Qe8+ { [%clk 0:06:40] } 49...Kh7
{ [%clk 0:36:12] } 50.Qd7+ { [%clk 0:02:27] } 50...Kh8 { [%clk 0:36:39] }
51.Qe8+ { [%clk 0:00:33] } 51...Kh7 { [%clk 0:37:00] } 52.Qd7+
{ [%clk 0:00:34] } 1/2-1/2

[Event "London Chess Classic Challenge"]
[Site "Olympia, London"]
[Date "2014.12.12"]
[Round "3"]
[White "Jones, Gawain"]
[Black "Edouard, Romain"]
[Result "1/2-1/2"]
[BlackElo "2659"]
[EventDate "2014.12.10"]
[LiveChessVersion "1.4.4"]
[WhiteElo "2661"]

1.c4 { [%clk 1:40:35] } 1...e5 { [%clk 1:40:40] } 2.Nc3 { [%clk 1:40:56] }
2...Nf6 { [%clk 1:40:54] } 3.g3 { [%clk 1:41:19] } 3...c6 { [%clk 1:40:34] }
4.d4 { [%clk 1:40:17] } 4...exd4 { [%clk 1:37:02] } 5.Qxd4 { [%clk 1:40:40] }
5...d5 { [%clk 1:37:23] } 6.Nf3 { [%clk 1:40:20] } 6...Be6 { [%clk 1:33:08] }
7.cxd5 { [%clk 1:29:53] } 7...cxd5 { [%clk 1:32:15] } 8.Bg2
{ [%clk 1:30:12] } 8...Nc6 { [%clk 1:32:27] } 9.Qa4 { [%clk 1:30:10] }
9...Bc5 { [%clk 1:16:32] } 10.O-O { [%clk 1:26:31] } 10...O-O
{ [%clk 1:14:50] } 11.Ng5 { [%clk 1:13:13] } 11...h6 { [%clk 0:49:28] }
12.Nxe6 { [%clk 1:11:46] } 12...fxe6 { [%clk 0:49:56] } 13.a3
{ [%clk 1:07:25] } 13...Rc8 { [%clk 0:46:20] } 14.e3 { [%clk 0:59:39] }
14...Qe7 { [%clk 0:40:54] } 15.Bd2 { [%clk 0:50:54] } 15...Ne5
{ [%clk 0:38:44] } 16.Rad1 { [%clk 0:49:11] } 16...Qf7 { [%clk 0:36:19] }
17.h3 { [%clk 0:36:07] } 17...Qh5 { [%clk 0:29:13] } 18.Qb5
{ [%clk 0:36:00] } 18...Nf3+ { [%clk 0:28:15] } 19.Bxf3 { [%clk 0:30:09] }
19...Qxf3 { [%clk 0:28:42] } 20.Qe2 { [%clk 0:30:22] } 20...Qf5
{ [%clk 0:28:23] } 21.Kh2 { [%clk 0:30:24] } 21...e5 { [%clk 0:23:43] }
22.Bc1 { [%clk 0:14:03] } 22...d4 { [%clk 0:20:10] } 23.exd4
{ [%clk 0:13:54] } 23...exd4 { [%clk 0:20:30] } 24.Na4 { [%clk 0:11:49] }
24...Bd6 { [%clk 0:16:37] } 25.Rxd4 { [%clk 0:09:26] } 25...Rc2
{ [%clk 0:16:57] } 26.Rd2 { [%clk 0:09:01] } 26...Re8 { [%clk 0:03:56] }
27.Qd3 { [%clk 0:06:46] } 27...Qxd3 { [%clk 0:04:17] } 28.Rxd3
{ [%clk 0:07:15] } 28...Ne4 { [%clk 0:04:42] } 29.Re3 { [%clk 0:04:20] }
29...Re7 { [%clk 0:01:55] } 30.Kg2 { [%clk 0:04:36] } 30...Nxf2
{ [%clk 0:00:35] } 31.Rc3 { [%clk 0:04:37] } 31...Ree2 { [%clk 0:00:34] }
32.Rxc2 { [%clk 0:04:31] } 32...Rxc2 { [%clk 0:01:03] } 33.Rxf2
{ [%clk 0:04:55] } 33...Rxc1 { [%clk 0:01:30] } 34.Nc3 { [%clk 0:04:16] }
34...Be5 { [%clk 0:00:54] } 35.Re2 { [%clk 0:00:59] } 35...Bxc3
{ [%clk 0:01:02] } 36.bxc3 { [%clk 0:01:27] } 36...Rxc3 { [%clk 0:00:37] }
37.Re7 { [%clk 0:01:51] } 37...Rb3 { [%clk 0:00:54] } 38.h4
{ [%clk 0:01:47] } 38...h5 { [%clk 0:00:55] } 39.a4 { [%clk 0:02:02] }
39...Kh7 { [%clk 0:00:36] } 40.Re5 { [%clk 0:01:27] } 40...Kg6
{ [%clk 0:00:51] } 41.Rg5+ { [%clk 0:46:58] } 41...Kh6 { [%clk 0:50:28] }
42.Rd5 { [%clk 0:46:22] } 42...Rb4 { [%clk 0:48:13] } 43.a5
{ [%clk 0:44:01] } 43...a6 { [%clk 0:45:45] } 44.Kf3 { [%clk 0:42:52] }
44...g6 { [%clk 0:41:23] } 45.Rd7 { [%clk 0:41:49] } 45...Rb5
{ [%clk 0:40:52] } 46.Re7 { [%clk 0:31:14] } 46...g5 { [%clk 0:38:02] }
47.Re6+ { [%clk 0:28:51] } 47...Kg7 { [%clk 0:38:25] } 48.hxg5
{ [%clk 0:28:48] } 48...Rxg5 { [%clk 0:35:49] } 49.Re7+ { [%clk 0:28:41] }
49...Kf6 { [%clk 0:36:16] } 50.Rxb7 { [%clk 0:29:05] } 50...Rxa5
{ [%clk 0:36:43] } 51.Ra7 { [%clk 0:26:55] } 51...Rf5+ { [%clk 0:32:00] }
52.Kg2 { [%clk 0:26:10] } 52...a5 { [%clk 0:32:18] } 53.Kh3
{ [%clk 0:24:56] } 53...Rd5 { [%clk 0:31:44] } 54.Kh4 { [%clk 0:22:28] }
54...Ke6 { [%clk 0:31:43] } 55.Ra6+ { [%clk 0:19:10] } 55...Kd7
{ [%clk 0:32:08] } 56.g4 { [%clk 0:19:35] } 56...hxg4 { [%clk 0:32:32] }
57.Kxg4 { [%clk 0:20:02] } 57...Kc7 { [%clk 0:32:56] } 58.Kf3
{ [%clk 0:19:10] } 58...Kb7 { [%clk 0:33:23] } 59.Rh6 { [%clk 0:18:46] }
59...Re5 { [%clk 0:33:44] } 60.Kf2 { [%clk 0:17:24] } 60...Re8
{ [%clk 0:33:08] } 61.Kf3 { [%clk 0:17:13] } 61...a4 { [%clk 0:32:37] }
62.Rh4 { [%clk 0:17:06] } 62...Ra8 { [%clk 0:32:46] } 63.Ke3
{ [%clk 0:16:13] } 63...Kc6 { [%clk 0:32:55] } 64.Kd3 { [%clk 0:16:16] }
64...a3 { [%clk 0:33:22] } 65.Rh1 { [%clk 0:16:40] } 65...a2
{ [%clk 0:33:42] } 66.Ra1 { [%clk 0:17:04] } 66...Kd6 { [%clk 0:34:01] }
67.Kc2 { [%clk 0:17:27] } 67...Ke7 { [%clk 0:34:28] } 68.Kb2
{ [%clk 0:17:53] } 68...Rb8+ { [%clk 0:34:56] } 69.Kxa2 { [%clk 0:18:18] }
69...Ra8+ { [%clk 0:35:23] } 70.Kb1 { [%clk 0:18:43] } 70...Rxa1+
{ [%clk 0:35:48] } 71.Kxa1 1/2-1/2

[Event "London Chess Classic Challenge"]
[Site "?"]
[Date "2014.12.13"]
[Round "4"]
[White "Edouard, Romain"]
[Black "Jones, Gawain"]
[Result "1/2-1/2"]
[BlackElo "2661"]
[EventDate "2014.12.10"]
[LiveChessVersion "1.4.4"]
[WhiteElo "2659"]

1.d4 { [%clk 1:40:57] } 1...Nf6 { [%clk 1:40:49] } 2.c4 { [%clk 1:41:23] }
2...e6 { [%clk 1:41:05] } 3.Nc3 { [%clk 1:40:12] } 3...Bb4 { [%clk 1:41:28] }
4.Nf3 { [%clk 1:40:38] } 4...c5 { [%clk 1:41:06] } 5.g3 { [%clk 1:40:51] }
5...cxd4 { [%clk 1:41:10] } 6.Nxd4 { [%clk 1:41:16] } 6...O-O
{ [%clk 1:41:04] } 7.Bg2 { [%clk 1:41:37] } 7...d5 { [%clk 1:41:16] } 8.Qb3
{ [%clk 1:40:49] } 8...Bxc3+ { [%clk 1:41:09] } 9.bxc3 { [%clk 1:41:12] }
9...Nc6 { [%clk 1:41:14] } 10.cxd5 { [%clk 1:37:42] } 10...Na5
{ [%clk 1:41:08] } 11.Qc2 { [%clk 1:34:17] } 11...Nxd5 { [%clk 1:41:17] }
12.O-O { [%clk 1:34:22] } 12...Bd7 { [%clk 1:31:47] } 13.e4
{ [%clk 1:29:39] } 13...Nb6 { [%clk 1:31:42] } 14.e5 { [%clk 1:06:04] }
14...Qc7 { [%clk 1:23:28] } 15.Be4 { [%clk 0:49:50] } 15...h6
{ [%clk 1:17:32] } 16.Bf4 { [%clk 0:50:14] } 16...Bc6 { [%clk 1:08:46] }
17.Nxc6 { [%clk 0:41:46] } 17...Nxc6 { [%clk 1:09:10] } 18.c4
{ [%clk 0:30:25] } 18...Nd4 { [%clk 0:56:42] } 19.Qd1 { [%clk 0:30:09] }
19...Qxc4 { [%clk 0:46:11] } 20.Re1 { [%clk 0:30:35] } 20...Nf5
{ [%clk 0:41:40] } 21.Qg4 { [%clk 0:24:16] } 21...Rad8 { [%clk 0:38:56] }
22.a4 { [%clk 0:16:51] } 22...Rd4 { [%clk 0:34:35] } 23.Bxf5
{ [%clk 0:12:30] } 23...exf5 { [%clk 0:34:58] } 24.Qxf5 { [%clk 0:12:57] }
24...Nd5 { [%clk 0:25:18] } 25.Be3 { [%clk 0:06:48] } 25...Nxe3
{ [%clk 0:25:10] } 26.Rxe3 { [%clk 0:07:16] } 26...Rfd8 { [%clk 0:21:03] }
27.Kg2 { [%clk 0:04:33] } 27...Rd1 { [%clk 0:19:07] } 28.Rxd1
{ [%clk 0:04:56] } 28...Rxd1 { [%clk 0:19:31] } 29.e6 { [%clk 0:03:22] }
29...fxe6 { [%clk 0:17:24] } 30.Qxe6+ { [%clk 0:03:49] } 30...Qxe6
{ [%clk 0:17:46] } 31.Rxe6 { [%clk 0:04:17] } 31...Rd4 { [%clk 0:17:48] }
32.Re7 { [%clk 0:04:25] } 1/2-1/2